000
00275nam a22001097a 4500
082
_a
651.74 DAV'M
100
_a
DAVIS, ROY,STONE, WILLIAM H,LINGHOM, CLARERNCE H
_9
58596
245
_a
MODERN BUSINESS ENGLISH
260
_a
USA
_b
GINN & CO
_c
1944
300
_a
516P
942
_c
BK
999
_c
568760
_d
568760